000 00301nam a22001337a 4500
008 170817b xxu||||| |||| 00| 0 eng d
020 _a0135388198
041 _aeng
080 _a51
100 _a36
101 _aMAT
245 _aLIVING MATHEMATICAL A SURVEY
_cPULSINELLI.L.R
942 _2udc
_cBK
999 _c23854
_d23854